|
|
|
|
| LEADER |
00000nam0a2200000 4500 |
| 001 |
45702 |
| 005 |
20231031023958.0 |
| 010 |
|
|
|a 5224020492
|
| 035 |
|
|
|a (RuTPU)RU\TPU\book\47607
|
| 090 |
|
|
|a 45702
|
| 100 |
|
|
|a 20021216d2002 dе y0rusy50020304ca
|
| 101 |
0 |
|
|a rus
|
| 102 |
|
|
|a RU
|
| 105 |
|
|
|a a f 001zy
|
| 200 |
1 |
|
|a Вселенная
|e Энциклопедия
|f сост. К. Люцис
|
| 210 |
|
|
|a Москва
|c Русское энциклопедическое товарищество
|d 2002
|
| 215 |
|
|
|a 479 с.
|c ил.
|
| 225 |
1 |
|
|a Малая детская энциклопедия
|
| 320 |
|
|
|a Библиогр.: с. 458-459.
|
| 320 |
|
|
|a Алф. указ.: с. 460-473.
|
| 610 |
1 |
|
|a астрономия
|
| 610 |
1 |
|
|a Вселенная
|
| 610 |
1 |
|
|a звезды
|
| 610 |
1 |
|
|a галактики
|
| 610 |
1 |
|
|a Солнечная система
|
| 610 |
1 |
|
|a планеты
|
| 610 |
1 |
|
|a малые тела
|
| 610 |
1 |
|
|a астрология
|
| 675 |
|
|
|a 087:52(03)
|v 3
|
| 702 |
|
1 |
|a Люцис
|b К.
|4 220
|
| 801 |
|
1 |
|a RU
|b 63413507
|c 20021216
|g PSBO
|
| 801 |
|
2 |
|a RU
|b 63413507
|c 20030120
|g PSBO
|
| 942 |
|
|
|c BK
|